000
00364nam a2200169Ia 4500
003
0100
008
130303s9999 xx 000 0 und d
040
_c
ARRUPELIB
050
_a
BV4210.M326
100
_a
Mary Laurence, Sister
245
_a
One nun to another
260
_a
St. Louis MO
260
_b
Herder
260
_C
1959
300
_a
129p
942
0
0
_0
1
999
_c
48092
_d
48092